El nus de les troballes /
Descripción Física:
4 vols. ; il·lustracions b/n ; periodicitat: trimestral ; 22 cm
Idioma:
Catalán , Español
MARC
| LEADER | 00000nas a2200000 a 4500 | ||
|---|---|---|---|
| 001 | 28143 | ||
| 003 | AGDB | ||
| 005 | 20260324175350.0 | ||
| 008 | 160829s9999 xx 000 0 cat d | ||
| 017 | |a B 32711-1984 | ||
| 040 | |a agdb |b cat | ||
| 041 | |a cat |a spa | ||
| 245 | |a El nus de les troballes / |c Escola els Pins, Llars Mundet | ||
| 260 | |a Barcelona : |b Llars Mundet ; |c 1984- | ||
| 300 | |a 4 vols. ; |b il·lustracions b/n ; periodicitat: trimestral ; |c 22 cm | ||
| 362 | |a Núm. 1 (des. 1984)- | ||
| 500 | |a Exemplar preliminar: Núm. 0 (set. 1984). | ||
| 546 | |a Text bilingüe en català i castellà | ||
| 610 | 0 | |9 3004 |a Llars Mundet |x Revistes | |
| 650 | |a Escola Els Pins |x Revistes |9 29829 | ||
| 655 | 0 | |a Revistes d'estudiants |9 56609 | |
| 655 | 0 | |a Revistes |9 55823 | |
| 866 | |a 1984 (0, 1) | ||
| 866 | |a 1985 (2) | ||
| 901 | |a Arxiu | ||
| 942 | |n 1 |2 udc |c REV | ||
| 952 | |0 0 |1 0 |4 0 |6 REV2256 |7 1 |9 45143 |a Arxiu |b Arxiu |d 2016-12-01 |h Núm. 0 (setembre 1984) - Núm. 2 (març 1985) |o Rev-2256 |p 28143 |r 2016-12-01 00:00:00 |w 2016-12-01 |y ARXIU |z Núm. 1 duplicat | ||
| 999 | |c 48184 |d 48184 | ||